Normal view
MARC view
Entry Personal Name
001 - CONTROL NUMBER
- control field: 11313
003 - CONTROL NUMBER IDENTIFIER
- control field: OSt
005 - DATE AND TIME OF LATEST TRANSACTION
- control field: 20161123142901.0
008 - FIXED-LENGTH DATA ELEMENTS
- fixed length control field: 161123|| aca||aabn | a|a d
040 ## - CATALOGING SOURCE
- Original cataloging agency: OSt
- Transcribing agency: OSt
100 ## - HEADING--PERSONAL NAME
- Personal name: Edited by Susan Caffrey; Gary Mundy
670 ## - SOURCE DATA FOUND
- Source citation: Work cat.: (OSt)3934: Edited by Susan Caffrey; Gary Mundy, The Sociology of Crime and Deviance :, 1995.
